[Event "Baden-ch op U1800"]
[Site "Birkenfeld"]
[Date "2013.06.01"]
[Round "5"]
[White "Helfrich, Leo"]
[Black "Shahisavandi, Abdollah"]
[Result "0-1"]
[WhiteElo "1899"]
[BlackElo "1833"]
[PlyCount "78"]
[EventDate "2013.05.30"]
[EventType "swiss"]
[EventRounds "7"]
[EventCountry "GER"]
[SourceTitle "EXT 2014"]
[Source "ChessBase"]
[SourceDate "2013.11.20"]
[SourceVersion "1"]
[SourceVersionDate "2013.11.20"]
[SourceQuality "1"]

1. d4 Nf6 2. c4 g6 3. Nc3 c5 4. d5 d6 5. e4 Bg7 6. Bd3 Na6 7. a3 Bd7 8. Nf3 Nc7 9. 0-0 0-0 10. Re1 a6 11. Qe2 Rb8 12. a4 Ng4 13. h3 Ne5 14. Nxe5 Bxe5 15. f4 Bd4+ 16. Be3 e5 17. dxe6 Nxe6 18. f5 Nf4 19. Qf1 Nxh3+ 20. Kh2 Nf4 21. Qxf4 Be5 22. Nd5 Qh4+ 23. Kg1 Bxf4 24. Bxf4 Bc6 25. g3 Qd8 26. Kf2 Bxd5 27. cxd5 Qb6 28. Re2 gxf5 29. exf5 Rfe8 30. Rae1 c4+ 31. Be3 Rxe3 32. Rxe3 cxd3 33. Kf3 Qd4 34. Rd1 Qxd5+ 35. Kf4 Qd4+ 36. Re4 Qf2+ 37. Kg4 h5+ 38. Kxh5 Qf3+ 39. Rg4+ Kh7 0-1

[Event "Baden-ch op U1800"]
[Site "Birkenfeld"]
[Date "2013.05.31"]
[Round "3"]
[White "Helfrich, Leo"]
[Black "Gann, Andreas"]
[Result "1/2-1/2"]
[WhiteElo "1899"]
[BlackElo "1701"]
[PlyCount "85"]
[EventDate "2013.05.30"]
[EventType "swiss"]
[EventRounds "7"]
[EventCountry "GER"]
[SourceTitle "EXT 2014"]
[Source "ChessBase"]
[SourceDate "2013.11.20"]
[SourceVersion "1"]
[SourceVersionDate "2013.11.20"]
[SourceQuality "1"]

1. d4 d5 2. Nf3 e6 3. e3 Nf6 4. c4 Be7 5. Nc3 0-0 6. a3 b6 7. cxd5 exd5 8. Bd3 Bb7 9. 0-0 Nbd7 10. Bd2 c5 11. Rc1 a6 12. h3 Ne4 13. Be1 f5 14. Bb1 c4 15. Nd2 Bg5 16. f4 Be7 17. g4 fxg4 18. Ncxe4 dxe4 19. Nxc4 gxh3 20. Kh2 Rf6 21. Rg1 Qe8 22. Bc3 Bd5 23. Ne5 Rd8 24. Qe2 b5 25. Rg3 Nxe5 26. dxe5 Rg6 27. Rcg1 Rxg3 28. Rxg3 Bf8 29. Qg4 Rd7 30. f5 Bb3 31. e6 Rc7 32. Qxe4 Qh5 33. Qg4 Qxg4 34. Rxg4 Bd6+ 35. Kxh3 Bd1 36. Rxg7+ Rxg7 37. Bxg7 Kxg7 38. Kg2 Kf6 39. Kf2 Be5 40. b4 Bb2 41. Ke1 Bb3 42. Kd2 Bc4 43. e4 1/2-1/2

[Event "Stuttgart-chB int"]
[Site "Ditzingen"]
[Date "2012.05.19"]
[Round "6"]
[White "Kim, Vladimir"]
[Black "Helfrich, Leo"]
[Result "1-0"]
[WhiteElo "1826"]
[BlackElo "1871"]
[PlyCount "53"]
[EventDate "2012.05.17"]
[EventType "swiss"]
[EventRounds "7"]
[EventCountry "GER"]
[SourceTitle "EXT 2018"]
[Source "ChessBase"]
[SourceDate "2017.10.13"]
[SourceVersion "1"]
[SourceVersionDate "2017.10.13"]
[SourceQuality "1"]

1. f4 d6 2. b3 g6 3. Bb2 Nf6 4. Nf3 Bg7 5. e3 0-0 6. Be2 Nbd7 7. 0-0 a6 8. h3 b5 9. Qc1 Rb8 10. d3 c5 11. e4 Qb6 12. Nbd2 Bh6 13. g3 Bb7 14. Kh2 a5 15. a4 b4 16. Qe1 Qc7 17. Nc4 d5 18. exd5 Nxd5 19. Nfe5 Rbd8 20. Nxd7 Rxd7 21. Bg4 f5 22. Qe6+ Rf7 23. Ne5 Nf6 24. Qxf7+ Kh8 25. Nxd7 Qc6 26. Bxf6+ exf6 27. Qe8+ 1-0

[Event "Stuttgart-chB int"]
[Site "Ditzingen"]
[Date "2008.05.04"]
[Round "7"]
[White "Helfrich, Leo"]
[Black "Rix, Michael"]
[Result "0-1"]
[WhiteElo "1712"]
[BlackElo "1820"]
[PlyCount "91"]
[EventDate "2008.05.01"]
[EventType "swiss"]
[EventRounds "7"]
[EventCountry "GER"]
[SourceTitle "EXT 2018"]
[Source "ChessBase"]
[SourceDate "2017.10.13"]
[SourceVersion "1"]
[SourceVersionDate "2017.10.13"]
[SourceQuality "1"]

1. d4 Nf6 2. Nf3 e6 3. Bf4 d5 4. e3 Nbd7 5. Bd3 Be7 6. Nbd2 b6 7. 0-0 Bb7 8. c3 0-0 9. Qc2 c5 10. Ne5 c4 11. Be2 b5 12. Bg3 Ne4 13. f3 Nxg3 14. hxg3 Nxe5 15. dxe5 Bc5 16. Kf2 Qb6 17. Rh1 Bxe3+ 18. Ke1 g6 19. Nf1 Bf2+ 20. Kd1 d4 21. Qd2 Be3 22. Nxe3 dxe3 23. Qe1 Rad8+ 24. Kc1 Rd2 25. g4 Qd8 26. Bxc4 bxc4 27. Qxe3 Rd7 28. Kc2 f6 29. Rhd1 Rxd1 30. Rxd1 Qb6 31. Qd2 fxe5 32. Qd7 Bd5 33. Rh1 Qb7 34. Qd6 e4 35. f4 Qf7 36. g3 Qb7 37. Re1 Rb8 38. Qa3 Qb6 39. Re2 Qg1 40. Qd6 Rb7 41. f5 Qf1 42. Rd2 e3 43. Rxd5 Qf2+ 44. Kd1 e2+ 45. Kc2 e1Q+ 46. Rd2 0-1

[Event "Stuttgart-chB int"]
[Site "Ditzingen"]
[Date "2008.05.03"]
[Round "6"]
[White "Kang, Moon Gu"]
[Black "Helfrich, Leo"]
[Result "1-0"]
[WhiteElo "1797"]
[BlackElo "1712"]
[PlyCount "177"]
[EventDate "2008.05.01"]
[EventType "swiss"]
[EventRounds "7"]
[EventCountry "GER"]
[SourceTitle "EXT 2018"]
[Source "ChessBase"]
[SourceDate "2017.10.13"]
[SourceVersion "1"]
[SourceVersionDate "2017.10.13"]
[SourceQuality "1"]

1. Nf3 g6 2. g3 Bg7 3. Bg2 c5 4. 0-0 Nc6 5. e4 d6 6. h3 Nf6 7. Re1 e5 8. c3 Qb6 9. d3 0-0 10. Na3 a6 11. Nc4 Qc7 12. Ne3 b5 13. d4 c4 14. Nd5 Qd8 15. Bg5 h6 16. Bxf6 Bxf6 17. Qd2 Bg7 18. Rad1 Bb7 19. dxe5 dxe5 20. Qe3 Qa5 21. a3 Rfe8 22. Rd2 Ne7 23. Nxe7+ Rxe7 24. Red1 Rae8 25. Ne1 Qc7 26. Nc2 f5 27. Nb4 f4 28. Qe2 Rf8 29. g4 Ref7 30. Bf3 Qe7 31. Rd6 Qg5 32. Qf1 Bf6 33. Rd7 h5 34. Qg2 Rxd7 35. Rxd7 Bc8 36. Rd1 h4 37. Qf1 Rd8 38. Rxd8+ Bxd8 39. Qd1 Qf6 40. Qd5+ Kg7 41. Qc5 Qe6 42. Nd5 Bb7 43. Kf1 Qc6 44. Qxc6 Bxc6 45. Ke2 Kf7 46. Nb4 Bb7 47. Bg2 a5 48. Nc2 Ke6 49. f3 Kd6 50. Kd2 Bb6 51. Bf1 Ba6 52. Be2 Bg1 53. Bd1 Kc5 54. Be2 Kb6 55. Bd1 Bc5 56. Be2 b4 57. axb4 axb4 58. cxb4 Bd4 59. Na3 Be3+ 60. Kc2 Bd4 61. Nxc4+ Kc7 62. Bd3 Bc8 63. Kb3 Bd7 64. Na3 Be3 65. Nc2 Bb6 66. Bc4 g5 67. Na3 Bc8 68. Bd5 Ba6 69. b5 Bc8 70. Nc4 Bd4 71. Kb4 Bxg4 72. fxg4 f3 73. b6+ Kb8 74. Na5 Bxb6 75. Nc6+ Kc7 76. Nxe5 f2 77. Bc4 Be3 78. Nf3 Bf4 79. Bf1 Bd6+ 80. Kc4 Be7 81. Kd5 Kd7 82. Ke5 Bd6+ 83. Kf5 Bf4 84. Nxg5 Bc1 85. b3 Kc6 86. Nf3 Kc5 87. g5 Kb4 88. g6 Bb2 89. e5 1-0

[Event "Stuttgart-chB"]
[Site "Stuttgart"]
[Date "2003.??.??"]
[Round "?"]
[White "Fischer, Benjamin"]
[Black "Helfrich, Leo"]
[Result "0-1"]
[WhiteElo "1635"]
[BlackElo "1870"]
[PlyCount "112"]
[EventDate "2003.??.??"]
[EventType "swiss"]
[EventRounds "9"]
[EventCountry "GER"]
[SourceTitle "EXT 2007"]
[Source "ChessBase"]
[SourceDate "2006.11.23"]
[SourceVersion "1"]
[SourceVersionDate "2006.11.23"]
[SourceQuality "1"]

1. d4 g6 2. c4 c5 3. d5 Bg7 4. Nc3 Nf6 5. e4 d6 6. f4 0-0 7. Nf3 a5 8. h3 Bd7 9. Bd3 Na6 10. a3 Qc8 11. 0-0 Nc7 12. Re1 Rb8 13. Qe2 Nh5 14. e5 Ng3 15. Qf2 Nf5 16. g4 Nd4 17. Nxd4 cxd4 18. Qxd4 b5 19. c5 dxc5 20. Qxc5 Bxg4 21. hxg4 Qxg4+ 22. Kf2 Na6 23. Qe3 b4 24. Bxa6 bxc3 25. Qxc3 a4 26. Qg3 Qd7 27. Bc4 Rfc8 28. Re4 Qf5 29. Qf3 Rc5 30. Bd3 Rb3 31. Rd4 Qc8 32. Qd1 Qh3 33. Qf3 Rc2+ 34. Ke3 Qh2 35. Rb4 Qg1+ 36. Ke4 Rxc1 37. Rxc1 Qxc1 38. Rxb3 axb3 39. Qf2 f5+ 40. Kf3 Qh1+ 41. Qg2 Qh5+ 42. Ke3 Bh6 43. Bc4 Bxf4+ 44. Kd4 Qd1+ 45. Kc5 Kg7 46. e6 Qc2 47. Qf3 Bd6+ 48. Kb5 Qxb2 49. Bxb3 Bxa3 50. Kc6 Qe5 51. Qd3 Qd6+ 52. Kb7 Bb2 53. Qb5 Be5 54. Qd7 Qb8+ 55. Kc6 Bd6 56. Bc4 Qb4 0-1